| 000 | 00427nam a22001577a 4500 | ||
|---|---|---|---|
| 003 | LK-CoDNM | ||
| 005 | 20240813092436.0 | ||
| 008 | 240813b |||||||| |||| 00| 0 eng d | ||
| 040 |
_aLK-CoDNM _dLK-CoDNM _eLK-CoDNM |
||
| 080 |
_a10 _bS1 |
||
| 100 | _aTodd,,John,A | ||
| 245 | _aThe Science of prices a handbook of economic | ||
| 260 |
_aoxford university press _blondon _c1925 |
||
| 300 | _axii, 264p. ; 20 cm | ||
| 942 | _cBK | ||
| 999 |
_c147271 _d147271 |
||